| 000 | 01845cam a2200361 a 4500 | ||
|---|---|---|---|
| 001 | 51915 | ||
| 005 | 20230410105241.0 | ||
| 008 | 980212s1998 nyu b 001 0 eng | ||
| 010 | _a 98014409 | ||
| 035 | _a(OCoLC)ocm38536051 | ||
| 040 |
_aDLC _cDLC _dLHA _dBAKER _dYDXCP _dOCLCQ _dBTCTA |
||
| 020 | _a0452011817 | ||
| 020 | _a9780452011816 | ||
| 029 | 1 |
_aYDXCP _b1532373 |
|
| 029 | 1 |
_aNZ1 _b4925577 |
|
| 035 | _a(OCoLC)38536051 | ||
| 043 | _af------ | ||
| 050 | 1 | 4 |
_aDT31 _bH28 1998 |
| 082 | 0 | 0 |
_a960 _221 |
| 100 | 1 |
_aHarris, Joseph E., _d1929- |
|
| 245 | 1 | 0 |
_aAfricans and their history / _cJoseph E. Harris. |
| 250 | _a2nd rev. ed. | ||
| 260 |
_aNew York : _bMeridian, _c1998. |
||
| 300 |
_axi, 337 p. ; _c21 cm. |
||
| 504 | _aIncludes bibliographical references (p. [303]-328) and index. | ||
| 505 | 0 | _aA tradition of myths and stereotypes -- The evolution of early African societies -- Early kingdoms and city-states -- Africa and the world, 1400-1850 -- The expansion of Africa -- Repatriation and the development of a pan-Africanist tradition -- Politics and state-building I: the Guinea coast and forest regions -- Politics and state-building II: the Sudan -- Politics and state-building III: central and southern Africa -- Politics and trade in East Africa -- The scramble and partition -- African diplomacy, resistance, and rebellion -- The European colonizers: policies and practices -- The struggle for independence -- The transformation in southern Africa: South Africa and Namibia -- The quest for unity -- Africa and contemporary issues. | |
| 651 | 0 |
_aAfrica _xPolitics and government. |
|
| 938 |
_aBaker & Taylor _bBKTY _c16.00 _d12.00 _i0452011817 _n0003017396 _sactive |
||
| 938 |
_aYBP Library Services _bYANK _n1532373 |
||
| 938 |
_aBaker and Taylor _bBTCP _n98014409 |
||
| 942 |
_2lcc _cbk |
||
| 994 |
_aC0 _bDRFGD |
||
| 999 |
_c32907 _d32907 |
||